00405nam a2200193Ia 4500003000900000008004100009040001300050040001300063041000800076100002100084245002500105250000900130260002100139260000900160300001100169300001000180490001300190490000800203IT-RoPAU120407s9999 xx 000 0 und d aIT-RoPAU cIT-RoPAU aita aJacques Maritain aAlla ricerca di Dio. aRoma aEdizioni Paoline c1967 a116 p. c18 cm aUniversa v129